Solutions manual to accompany creating quality : concepts, systems, strstegies and tools
Saved in:
| Main Author: | |
|---|---|
| Format: | Book |
| Language: | English |
| Published: |
Boston :
McGraw-Hill,
1995
|
| Subjects: | |
| Tags: |
Add Tag
No Tags, Be the first to tag this record!
|
MARC
| LEADER | 00000nam a2200000 i 4500 | ||
|---|---|---|---|
| 001 | 1/65087 | ||
| 008 | 980819s1995 eng d | ||
| 020 | |a 0070352186 | ||
| 035 | |l 10029559 | ||
| 040 | |a GR-MY-UA |b gre |e aacr | ||
| 041 | 0 | |a eng | |
| 082 | 0 | |a 658.562 | |
| 100 | 1 | |a Kolarik, William J. | |
| 245 | 1 | 0 | |a Solutions manual to accompany creating quality : |b concepts, systems, strstegies and tools / |c William J. Kolarik |
| 260 | |a Boston : |b McGraw-Hill, |c 1995 | ||
| 650 | 0 | 0 | |a Quality control. |
| 650 | 0 | 0 | |a System analysis. |
| 852 | |a INST |b CHIOS |e 19980819 |h 658.562 KOL |p 005200015795 |q 005200015795 |t BK |y 0 | ||
| 901 | |a BIBL-1998-2 | ||
| 909 | |a Χ |b 058655 | ||
| 922 | |a 2ΕΛΗ |b 199807 |c ΤΔΕ |d ΠΑΠΑΣΩΤΗΡΙΟΥ | ||